| 000 | 01151cam a2200241 4500 | ||
|---|---|---|---|
| 001 | ABS64309 | ||
| 008 | 010726n2001 000 0 eng u | ||
| 035 | _a(Sirsi) u113819 | ||
| 100 | _aGosling, P. | ||
| 245 | _aCan the taxman save Britain's deprived areas? | ||
| 260 | _c2001 | ||
| 490 |
_aRegeneration and Renewal _v6 July 2001, 16-17(2) |
||
| 520 | _aQuestions whether government's proposed planned community investment tax credit is workable, amid growing caution from community banks. Community investment tax credits were introduced in 2000 in the Social Investment Task Force's report "Regeneration & Renewal" and are intended to atttract more private money into the UK's deprived areas. Highlights the procedural complications which could occur, and outlines the Aston Reinvestment Trust as used by the Task Force as an example of good practice. | ||
| 590 | _aABS | ||
| 650 | _aSOCIAL INVESTMENT TASKFORCE | ||
| 650 | _aCOMMUNITY INVESTMENT TAX CREDIT | ||
| 650 | _aTAX CREDITS | ||
| 650 | _aDEPRIVED AREAS | ||
| 650 | _aCOMMUNITY DEVELOPMENT FINANCE INITIATIVES | ||
| 650 | _aINVESTMENT | ||
| 690 | _aTAXATION | ||
| 942 | _n0 | ||
| 999 |
_c67807 _d67807 |
||